[Event "Muensterland Regionalliga 2526"]
[Site "Germany"]
[Date "2026.03.28"]
[Round "8"]
[Board "4"]
[White "Langhanke, Guenther"]
[Black "Boldrick, Marcel"]
[Result "0-1"]
[WhiteElo "1868"]
[BlackElo "1864"]
[WhiteFideId "-1"]
[BlackFideId "-1"]
[PlyCount "114"]
[GameId "559823474733"]
[EventDate "2025.??.??"]
[EventType "team-tourn"]
[EventRounds "9"]
[EventCountry "GER"]
[SourceTitle "Verband Muensterland"]
[SourceDate "2025.09.21"]
[SourceVersion "1"]
[SourceVersionDate "2025.09.21"]
[SourceQuality "1"]
[WhiteTeam "Rheine Klein Berlin"]
[BlackTeam "Borken"]
[WhiteTeamCountry "GER"]
[BlackTeamCountry "GER"]

1. e4 c5 2. Nc3 e6 3. f4 g6 4. Nf3 Bg7 5. g3 Ne7 6. Bg2 d5 7. d3 d4 8. Ne2 Nbc6 9. O-O O-O 10. Bd2 Rb8 11. Qe1 a5 12. a4 Nb4 13. Bxb4 axb4 14. b3 b6 15. Nd2 Ba6 16. Qf2 f5 17. e5 Bb7 18. Bxb7 Rxb7 19. Nc4 Nd5 20. Kh1 Ra7 21. Ng1 Qa8 22. Nf3 b5 23. Nb2 Nc3 24. Kg1 h6 25. Nd2 Kh7 26. Nb1 Nd5 27. Nd2 Ne3 28. Rfc1 g5 29. Qf3 gxf4 30. Qxa8 Rfxa8 31. gxf4 h5 32. Kf2 Bh6 33. Rab1 Nd5 34. axb5 Nc3 35. b6 Ra2 36. b7 Rb8 37. Ra1 Rxb2 38. Nc4 Ra2 39. Rxa2 Nxa2 40. Ra1 Nc3 41. Nd6 Bf8 42. Ra8 Bxd6 43. exd6 Rxb7 44. Rc8 Nb5 45. Rxc5 Nxd6 46. Rc6 Nb5 47. Rxe6 Rc7 48. Re5 Rxc2+ 49. Kg3 Nc3 50. Rxf5 Kg6 51. Rg5+ Kh6 52. Rg8 Rd2 53. f5 Rxd3+ 54. Kf4 Re3 55. Rg6+ Kh7 56. Rd6 Re1 57. Kg5 Ne4+ 0-1

[Event "Muensterland Regionalliga 2526"]
[Site "Germany"]
[Date "2026.03.28"]
[Round "8"]
[Board "5"]
[White "Farwick, Christian"]
[Black "Ratert, Matthias"]
[Result "1/2-1/2"]
[WhiteElo "1851"]
[BlackElo "1864"]
[WhiteFideId "-1"]
[BlackFideId "-1"]
[PlyCount "28"]
[GameId "559828417914"]
[EventDate "2025.??.??"]
[EventType "team-tourn"]
[EventRounds "9"]
[EventCountry "GER"]
[SourceTitle "Verband Muensterland"]
[SourceDate "2025.09.21"]
[SourceVersion "1"]
[SourceVersionDate "2025.09.21"]
[SourceQuality "1"]
[WhiteTeam "Borken"]
[BlackTeam "Rheine Klein Berlin"]
[WhiteTeamCountry "GER"]
[BlackTeamCountry "GER"]

1. d4 e6 2. Nf3 Nf6 3. c3 d5 4. Bf4 Bd6 5. e3 O-O 6. Nbd2 b6 7. Bd3 Ba6 8. Qe2 Bxd3 9. Qxd3 c5 10. Bxd6 Qxd6 11. Ne5 Nc6 12. f4 c4 13. Qe2 b5 14. O-O a5 1/2-1/2

[Event "Muensterland Regionalliga 2526"]
[Site "Germany"]
[Date "2026.03.28"]
[Round "8"]
[Board "6"]
[White "Van Dijk, Guido"]
[Black "Schmidt, Sebastian"]
[Result "1-0"]
[WhiteElo "1816"]
[BlackElo "1754"]
[WhiteFideId "-1"]
[BlackFideId "-1"]
[PlyCount "49"]
[GameId "559828544786"]
[EventDate "2025.??.??"]
[EventType "team-tourn"]
[EventRounds "9"]
[EventCountry "GER"]
[SourceTitle "Verband Muensterland"]
[SourceDate "2025.09.21"]
[SourceVersion "1"]
[SourceVersionDate "2025.09.21"]
[SourceQuality "1"]
[WhiteTeam "Rheine Klein Berlin"]
[BlackTeam "Borken"]
[WhiteTeamCountry "GER"]
[BlackTeamCountry "GER"]

1. e4 e5 2. Nf3 Nc6 3. Bc4 Bc5 4. Nc3 Nf6 5. d3 h6 6. a3 a6 7. Be3 Bxe3 8. fxe3 d6 9. h3 Ne7 10. d4 exd4 11. exd4 Nxe4 12. Bxf7+ Kxf7 13. Nxe4 Rf8 14. O-O Kg8 15. c3 d5 16. Nc5 b6 17. Nd3 Ng6 18. Nfe5 Nxe5 19. Nxe5 Bf5 20. Qh5 Qe8 21. Rxf5 Qxh5 22. Rxh5 Rf6 23. Rf1 Raf8 24. Rxf6 Rxf6 25. Ng4 1-0

[Event "Muensterland Regionalliga 2526"]
[Site "Germany"]
[Date "2026.03.28"]
[Round "8"]
[Board "7"]
[White "Klueppel, Ralf"]
[Black "Germann, Norbert"]
[Result "1-0"]
[WhiteElo "1735"]
[BlackElo "1777"]
[WhiteFideId "-1"]
[BlackFideId "-1"]
[PlyCount "43"]
[GameId "559828748930"]
[EventDate "2025.??.??"]
[EventType "team-tourn"]
[EventRounds "9"]
[EventCountry "GER"]
[SourceTitle "Verband Muensterland"]
[SourceDate "2025.09.21"]
[SourceVersion "1"]
[SourceVersionDate "2025.09.21"]
[SourceQuality "1"]
[WhiteTeam "Borken"]
[BlackTeam "Rheine Klein Berlin"]
[WhiteTeamCountry "GER"]
[BlackTeamCountry "GER"]

1. d4 Nf6 2. Nf3 g6 3. b3 Bg7 4. Bb2 d5 5. e3 O-O 6. Bd3 b6 7. Nbd2 Bb7 8. O-O Nbd7 9. c4 e6 10. Qe2 Ne4 11. Rfd1 c5 12. Ne5 Nxe5 13. dxe5 Qc7 14. f4 Nxd2 15. Rxd2 Rfd8 16. Rad1 Bf8 17. h4 Bc6 18. h5 Rd7 19. hxg6 fxg6 20. Qg4 Re8 21. cxd5 Bxd5 22. Bb5 1-0

[Event "Muensterland Regionalliga 2526"]
[Site "Germany"]
[Date "2026.04.18"]
[Round "8"]
[Board "1"]
[White "Leidig, Andreas"]
[Black "Kamphuis, Jasper"]
[Result "0-1"]
[WhiteElo "1897"]
[BlackElo "2102"]
[WhiteFideId "-1"]
[BlackFideId "-1"]
[PlyCount "42"]
[GameId "2303126947328133"]
[EventDate "2025.??.??"]
[EventType "team-tourn"]
[EventRounds "9"]
[EventCountry "GER"]
[SourceTitle "Verband Muensterland"]
[SourceDate "2025.09.21"]
[SourceVersion "1"]
[SourceVersionDate "2025.09.21"]
[SourceQuality "1"]
[WhiteTeam "Heiden"]
[BlackTeam "Gronau"]
[WhiteTeamCountry "GER"]
[BlackTeamCountry "GER"]

1. e4 e5 2. Nf3 Nc6 3. Bb5 a6 4. Ba4 b5 5. Bb3 Na5 6. O-O d6 7. d4 exd4 8. Re1 Nxb3 9. axb3 c5 10. c3 Bb7 11. e5 dxe5 12. Rxe5+ Be7 13. Nh4 Kf8 14. Nf3 Bf6 15. Rxc5 dxc3 16. Qe2 cxb2 17. Bxb2 Bxb2 18. Ra2 Qd6 19. Rc2 Re8 20. Qf1 Bf6 21. Nc3 Qb4 0-1

[Event "Muensterland Regionalliga 2526"]
[Site "Germany"]
[Date "2026.04.18"]
[Round "8"]
[Board "2"]
[White "Monsma, Menno"]
[Black "Wigger, Niklas"]
[Result "1/2-1/2"]
[WhiteElo "2091"]
[BlackElo "1858"]
[WhiteFideId "-1"]
[BlackFideId "-1"]
[PlyCount "61"]
[GameId "2303126947344519"]
[EventDate "2025.??.??"]
[EventType "team-tourn"]
[EventRounds "9"]
[EventCountry "GER"]
[SourceTitle "Verband Muensterland"]
[SourceDate "2025.09.21"]
[SourceVersion "1"]
[SourceVersionDate "2025.09.21"]
[SourceQuality "1"]
[WhiteTeam "Gronau"]
[BlackTeam "Heiden"]
[WhiteTeamCountry "GER"]
[BlackTeamCountry "GER"]

1. e4 c5 2. c3 Nf6 3. e5 Nd5 4. Nf3 Nc6 5. d4 cxd4 6. cxd4 e6 7. a3 d6 8. exd6 Bxd6 9. Nc3 O-O 10. Bc4 Nxc3 11. bxc3 e5 12. O-O Bg4 13. h3 Bxf3 14. Qxf3 exd4 15. cxd4 Qh4 16. Be3 Nxd4 17. Bxd4 Qxd4 18. Bd5 Qf4 19. Qxf4 Bxf4 20. Bxb7 Rab8 21. Rab1 Rfd8 22. a4 g6 23. a5 Rd2 24. g3 Bc7 25. a6 Rbd8 26. Rbc1 Bb6 27. Rc8 Rxc8 28. Bxc8 Kg7 29. h4 h5 30. Kg2 f5 31. Kf3 1/2-1/2

[Event "Muensterland Regionalliga 2526"]
[Site "Germany"]
[Date "2026.04.18"]
[Round "8"]
[Board "3"]
[White "Wienen, Hermann"]
[Black "Reckzuegel, Philipp"]
[Result "1/2-1/2"]
[WhiteElo "1875"]
[BlackElo "1998"]
[WhiteFideId "-1"]
[BlackFideId "-1"]
[PlyCount "29"]
[GameId "2303126947344521"]
[EventDate "2025.??.??"]
[EventType "team-tourn"]
[EventRounds "9"]
[EventCountry "GER"]
[SourceTitle "Verband Muensterland"]
[SourceDate "2025.09.21"]
[SourceVersion "1"]
[SourceVersionDate "2025.09.21"]
[SourceQuality "1"]
[WhiteTeam "Heiden"]
[BlackTeam "Gronau"]
[WhiteTeamCountry "GER"]
[BlackTeamCountry "GER"]

1. e4 c5 2. Nf3 d6 3. Bc4 Nc6 4. d4 cxd4 5. Nxd4 Nf6 6. O-O e5 7. Nxc6 bxc6 8. Nc3 Be7 9. Bg5 O-O 10. Qd2 Qc7 11. Rad1 Rd8 12. h3 Bb7 13. Qe3 Qb6 14. Qf3 Rd7 15. Bb3 1/2-1/2

[Event "Muensterland Regionalliga 2526"]
[Site "Germany"]
[Date "2026.04.18"]
[Round "8"]
[Board "4"]
[White "Hoge, Torsten"]
[Black "Berger, Alfred"]
[Result "0-1"]
[WhiteElo "1931"]
[BlackElo "1848"]
[WhiteFideId "-1"]
[BlackFideId "-1"]
[PlyCount "74"]
[GameId "2303126947344523"]
[EventDate "2025.??.??"]
[EventType "team-tourn"]
[EventRounds "9"]
[EventCountry "GER"]
[SourceTitle "Verband Muensterland"]
[SourceDate "2025.09.21"]
[SourceVersion "1"]
[SourceVersionDate "2025.09.21"]
[SourceQuality "1"]
[WhiteTeam "Gronau"]
[BlackTeam "Heiden"]
[WhiteTeamCountry "GER"]
[BlackTeamCountry "GER"]

1. d4 Nf6 2. Bf4 d5 3. e3 g6 4. Bd3 Bg7 5. Nd2 b6 6. Qe2 c5 7. c3 a5 8. Ngf3 Bg4 9. h3 Bxf3 10. Bb5+ Nbd7 11. Qxf3 O-O 12. Bc6 cxd4 13. exd4 Ra7 14. O-O Nb8 15. Bb5 Na6 16. a4 Nc7 17. Bd3 Rb7 18. Qe2 Nce8 19. Nf3 Nd6 20. Rfe1 Nfe4 21. Ne5 f6 22. Ng4 e5 23. Bh2 exd4 24. cxd4 Re8 25. Qc2 f5 26. Ne5 Nf7 27. Ba6 Bxe5 28. Bxb7 Bxh2+ 29. Kh1 Bb8 30. Qc6 Nxf2+ 31. Kg1 Rxe1+ 32. Rxe1 Ne4 33. Re2 Kg7 34. Qc8 Qd6 35. Rc2 Qh2+ 36. Kf1 Qh1+ 37. Ke2 Qxg2+ 0-1

[Event "Muensterland Regionalliga 2526"]
[Site "Germany"]
[Date "2026.04.18"]
[Round "8"]
[Board "5"]
[White "Niewerth, Gerd"]
[Black "Luetkehermoelle, Martin"]
[Result "1-0"]
[WhiteElo "1838"]
[BlackElo "1927"]
[WhiteFideId "-1"]
[BlackFideId "-1"]
[PlyCount "92"]
[GameId "2303126947344525"]
[EventDate "2025.??.??"]
[EventType "team-tourn"]
[EventRounds "9"]
[EventCountry "GER"]
[SourceTitle "Verband Muensterland"]
[SourceDate "2025.09.21"]
[SourceVersion "1"]
[SourceVersionDate "2025.09.21"]
[SourceQuality "1"]
[WhiteTeam "Heiden"]
[BlackTeam "Gronau"]
[WhiteTeamCountry "GER"]
[BlackTeamCountry "GER"]

1. e4 c5 2. Nf3 Nc6 3. d4 cxd4 4. Nxd4 Nf6 5. Nc3 e5 6. Ndb5 d6 7. Bg5 a6 8. Na3 b5 9. Bxf6 gxf6 10. Nd5 f5 11. Bd3 Be6 12. c4 b4 13. Nc2 a5 14. exf5 Bd7 15. Qf3 Rc8 16. b3 h5 17. Rd1 Qg5 18. h4 Qd8 19. Be4 Rh6 20. Qe3 Ne7 21. Nxe7 Qxe7 22. Qf3 Qd8 23. g3 Qb6 24. Ne3 Bc6 25. O-O Be7 26. Bxc6+ Qxc6 27. Nd5 Bd8 28. Qe3 Rh8 29. Rd3 Qc5 30. Qf3 Kf8 31. Rfd1 Rc6 32. R1d2 Rh6 33. f6 Ra6 34. Qf5 Ke8 35. Qg5 Rg6 36. Qf5 Qc6 37. Rf3 Qd7 38. Qxh5 Qe6 39. Qf5 Kd7 40. h5 Qxf5 41. Rxf5 Rg4 42. h6 Rg8 43. h7 Rh8 44. Rh5 Ke6 45. g4 Rc6 46. f3 Bxf6 1-0

[Event "Muensterland Regionalliga 2526"]
[Site "Germany"]
[Date "2026.04.18"]
[Round "8"]
[Board "6"]
[White "Langendijk, Andre"]
[Black "Meis, Jonas"]
[Result "1/2-1/2"]
[WhiteElo "1859"]
[BlackElo "1754"]
[WhiteFideId "-1"]
[BlackFideId "-1"]
[PlyCount "59"]
[GameId "2303126947344527"]
[EventDate "2025.??.??"]
[EventType "team-tourn"]
[EventRounds "9"]
[EventCountry "GER"]
[SourceTitle "Verband Muensterland"]
[SourceDate "2025.09.21"]
[SourceVersion "1"]
[SourceVersionDate "2025.09.21"]
[SourceQuality "1"]
[WhiteTeam "Gronau"]
[BlackTeam "Heiden"]
[WhiteTeamCountry "GER"]
[BlackTeamCountry "GER"]

1. d4 Nf6 2. Bg5 d5 3. Bxf6 exf6 4. e3 Bd6 5. c4 dxc4 6. Bxc4 O-O 7. Nf3 b6 8. O-O Bb7 9. Nc3 Re8 10. Rc1 Nd7 11. Nb5 Nf8 12. Qb3 Ne6 13. Nxd6 Qxd6 14. Qd1 Rad8 15. a3 c5 16. dxc5 Qxc5 17. Qb3 Qh5 18. Bxe6 Rxe6 19. Nd4 Qg5 20. g3 Red6 21. Rc7 R6d7 22. Rfc1 h5 23. f4 Qg6 24. Rxd7 Rxd7 25. Qc2 Qg4 26. Qf5 Qxf5 27. Nxf5 Rd2 28. Rc7 Be4 29. Ne7+ Kh7 30. Rxa7 1/2-1/2

[Event "Muensterland Regionalliga 2526"]
[Site "Germany"]
[Date "2026.04.18"]
[Round "8"]
[Board "7"]
[White "Sicking, Norbert"]
[Black "Storck, Martin"]
[Result "1/2-1/2"]
[WhiteElo "1734"]
[BlackElo "1846"]
[WhiteFideId "-1"]
[BlackFideId "-1"]
[PlyCount "64"]
[GameId "2303126947344529"]
[EventDate "2025.??.??"]
[EventType "team-tourn"]
[EventRounds "9"]
[EventCountry "GER"]
[SourceTitle "Verband Muensterland"]
[SourceDate "2025.09.21"]
[SourceVersion "1"]
[SourceVersionDate "2025.09.21"]
[SourceQuality "1"]
[WhiteTeam "Heiden"]
[BlackTeam "Gronau"]
[WhiteTeamCountry "GER"]
[BlackTeamCountry "GER"]

1. d4 d5 2. Nf3 Nf6 3. g3 e6 4. Bg2 Nbd7 5. Nbd2 b6 6. O-O Bb7 7. b3 Be7 8. Bb2 O-O 9. Re1 h6 10. a4 a5 11. e3 Re8 12. h3 Bb4 13. c3 Bf8 14. Qc2 Rc8 15. Rec1 c5 16. Qd1 cxd4 17. cxd4 Bb4 18. Bf1 Qe7 19. Bb5 Red8 20. Qe2 Nb8 21. Ne1 Bxd2 22. Qxd2 Ne4 23. Qd1 Na6 24. Ba3 Qf6 25. Qf3 Nd2 26. Qxf6 gxf6 27. Be7 Rxc1 28. Rxc1 Rc8 29. Rxc8+ Bxc8 30. Bxf6 Nxb3 31. Bd8 Nb4 32. Bxb6 Ba6 1/2-1/2

[Event "Muensterland Regionalliga 2526"]
[Site "Germany"]
[Date "2026.04.18"]
[Round "8"]
[Board "8"]
[White "Reinhold, Klaus"]
[Black "Knop, Adrian"]
[Result "1/2-1/2"]
[WhiteElo "1804"]
[BlackElo "1645"]
[WhiteFideId "-1"]
[BlackFideId "-1"]
[PlyCount "49"]
[GameId "2303126947344531"]
[EventDate "2025.??.??"]
[EventType "team-tourn"]
[EventRounds "9"]
[EventCountry "GER"]
[SourceTitle "Verband Muensterland"]
[SourceDate "2025.09.21"]
[SourceVersion "1"]
[SourceVersionDate "2025.09.21"]
[SourceQuality "1"]
[WhiteTeam "Gronau"]
[BlackTeam "Heiden"]
[WhiteTeamCountry "GER"]
[BlackTeamCountry "GER"]

1. d4 d5 2. c4 e6 3. Nf3 Nf6 4. Nc3 Be7 5. Bf4 O-O 6. e3 Bd7 7. Bd3 dxc4 8. Bxc4 c5 9. dxc5 Bxc5 10. O-O Bc6 11. Qe2 Nbd7 12. Rac1 Qb6 13. Ne5 Nxe5 14. Bxe5 Rad8 15. a3 Bd6 16. Bxd6 Rxd6 17. Rfd1 Rfd8 18. b4 Ne4 19. Rxd6 Rxd6 20. Nxe4 Bxe4 21. Rd1 a5 22. bxa5 Rxd1+ 23. Qxd1 Qxa5 24. Qd4 Bc6 25. Qa1 1/2-1/2

[Event "Muensterland Regionalliga 2526"]
[Site "Germany"]
[Date "2026.04.18"]
[Round "8"]
[Board "1"]
[White "Kruimer, Matthias"]
[Black "Tuente, Marcel"]
[Result "1-0"]
[WhiteElo "2027"]
[BlackElo "1953"]
[WhiteFideId "-1"]
[BlackFideId "-1"]
[PlyCount "115"]
[GameId "2303129499736820"]
[EventDate "2025.??.??"]
[EventType "team-tourn"]
[EventRounds "9"]
[EventCountry "GER"]
[SourceTitle "Verband Muensterland"]
[SourceDate "2025.09.21"]
[SourceVersion "1"]
[SourceVersionDate "2025.09.21"]
[SourceQuality "1"]
[WhiteTeam "Metelen"]
[BlackTeam "Raesfeld Erle II"]
[WhiteTeamCountry "GER"]
[BlackTeamCountry "GER"]

{[%evp 0,114,12,30,26,2,17,0,8,8,26,6,-7,4,12,13,22,47,-14,-44,73,73,160,176,80,166,192,45,90,91,141,6,-33,-23,134,1,1,1,237,-76,-86,-265,-85,-5,13,13,0,-3,-42,-49,-76,-59,10,130,38,45,35,58,69,50,76,5,40,22,74,165,81,86,159,65,206,84,186,52,130,172,161,168,188,341,193,185,187,184,183,192,188,183,189,180,187,172,244,176,194,193,214,209,209,216,211,211,226,221,213,220,216,213,218,226,238,217,223,226,226,221,233]} 1. e4 e5 2. Nf3 Nc6 3. d4 exd4 4. Nxd4 Nf6 5. Nxc6 bxc6 6. Bd3 d5 7. e5 Ng4 8. O-O Bc5 9. Qe2 Qh4 10. h3 h5 11. Nd2 Qg3 12. Nf3 Rb8 13. b4 Rxb4 14. Ba3 a5 15. c3 Nxf2 16. Rxf2 Bxh3 17. Kf1 Bxf2 18. Qxf2 Rg4 19. Qxg3 Rxg3 20. Ne1 Bg4 21. Bc5 Kd7 22. Bf2 h4 23. Rb1 Rh5 24. Bxg3 hxg3 25. Nf3 Bxf3 26. gxf3 Rxe5 27. Kg2 Kd6 28. Kxg3 g6 29. Kf2 Rh5 30. Bf1 Rh4 31. Rb2 f5 32. Ke3 g5 33. Rg2 g4 34. fxg4 fxg4 35. Be2 g3 36. Bd1 Rh1 37. Bc2 Ra1 38. a4 Rc1 39. Kd2 Rh1 40. Rxg3 Kc5 41. Rg4 Rh2+ 42. Kc1 Rf2 43. Kb2 Rf6 44. Rg8 Rf4 45. Ra8 Kb6 46. Rb8+ Kc5 47. Rb7 d4 48. cxd4+ Rxd4 49. Rxc7 Kb6 50. Rh7 Rf4 51. Rh5 Rb4+ 52. Kc3 Rf4 53. Re5 Rh4 54. Re4 Rh3+ 55. Bd3 Kc5 56. Rc4+ Kb6 57. Kd4 Rf3 58. Rxc6+ 1-0

[Event "Muensterland Regionalliga 2526"]
[Site "Germany"]
[Date "2026.04.18"]
[Round "8"]
[Board "3"]
[White "Buijnsters, Floris"]
[Black "Hoffmann, Fabian"]
[Result "0-1"]
[WhiteElo "1925"]
[BlackElo "2009"]
[WhiteFideId "-1"]
[BlackFideId "-1"]
[PlyCount "50"]
[GameId "2303129499736815"]
[EventDate "2025.??.??"]
[EventType "team-tourn"]
[EventRounds "9"]
[EventCountry "GER"]
[SourceTitle "Verband Muensterland"]
[SourceDate "2025.09.21"]
[SourceVersion "1"]
[SourceVersionDate "2025.09.21"]
[SourceQuality "1"]
[WhiteTeam "Metelen"]
[BlackTeam "Raesfeld Erle II"]
[WhiteTeamCountry "GER"]
[BlackTeamCountry "GER"]

1. e4 e6 2. d4 d5 3. Nd2 c5 4. exd5 Qxd5 5. Ngf3 a6 6. Bc4 Qd8 7. a4 Nf6 8. Nb3 cxd4 9. O-O Nc6 10. Nbxd4 Nxd4 11. Nxd4 Bd6 12. Qe2 Bxh2+ 13. Kxh2 Qxd4 14. Rd1 Qh4+ 15. Kg1 O-O 16. c3 e5 17. g3 Qh3 18. Qf1 Qf5 19. Be3 Bd7 20. Qd3 Qh5 21. Qd6 Bc6 22. Bd5 Rad8 23. Bxf7+ Kxf7 24. Qc7+ Kg8 25. Rxd8 Qh1# 0-1

[Event "Muensterland Regionalliga 2526"]
[Site "Germany"]
[Date "2026.04.18"]
[Round "8"]
[Board "4"]
[White "Bergemann, Martin"]
[Black "Koch, Alexander"]
[Result "1/2-1/2"]
[WhiteElo "1891"]
[BlackElo "2006"]
[WhiteFideId "-1"]
[BlackFideId "-1"]
[PlyCount "33"]
[GameId "2303129499728622"]
[EventDate "2025.??.??"]
[EventType "team-tourn"]
[EventRounds "9"]
[EventCountry "GER"]
[SourceTitle "Verband Muensterland"]
[SourceDate "2025.09.21"]
[SourceVersion "1"]
[SourceVersionDate "2025.09.21"]
[SourceQuality "1"]
[WhiteTeam "Raesfeld Erle II"]
[BlackTeam "Metelen"]
[WhiteTeamCountry "GER"]
[BlackTeamCountry "GER"]

1. d4 Nf6 2. Bg5 d5 3. Bxf6 exf6 4. e3 Bd6 5. Bd3 Nc6 6. c3 f5 7. Qf3 Ne7 8. Ne2 c6 9. Nd2 Qc7 10. h4 h5 11. a3 Be6 12. c4 dxc4 13. Bxc4 Nd5 14. Rc1 g6 15. Nc3 O-O 16. Bxd5 cxd5 17. O-O 1/2-1/2

[Event "Muensterland Regionalliga 2526"]
[Site "Germany"]
[Date "2026.04.18"]
[Round "8"]
[Board "5"]
[White "Wigger, Frank"]
[Black "Boelker, Franz"]
[Result "1/2-1/2"]
[WhiteElo "1911"]
[BlackElo "1805"]
[WhiteFideId "-1"]
[BlackFideId "-1"]
[PlyCount "66"]
[GameId "2303129499736818"]
[EventDate "2025.??.??"]
[EventType "team-tourn"]
[EventRounds "9"]
[EventCountry "GER"]
[SourceTitle "Verband Muensterland"]
[SourceDate "2025.09.21"]
[SourceVersion "1"]
[SourceVersionDate "2025.09.21"]
[SourceQuality "1"]
[WhiteTeam "Metelen"]
[BlackTeam "Raesfeld Erle II"]
[WhiteTeamCountry "GER"]
[BlackTeamCountry "GER"]

1. e4 c5 2. c3 d5 3. exd5 Qxd5 4. d4 Nf6 5. Nf3 Bg4 6. Nbd2 Nc6 7. Bc4 Qd7 8. Qb3 e6 9. Ne5 Qc7 10. Nxg4 Nxg4 11. h3 Nf6 12. Nf3 a6 13. Be2 b5 14. dxc5 Bxc5 15. O-O O-O 16. a4 b4 17. Qc4 Na5 18. Qh4 Be7 19. cxb4 Nb3 20. Bf4 Qb7 21. Rad1 Qxb4 22. Bd3 Ne4 23. Qg4 f5 24. Qh5 Nf6 25. Qh4 Nd5 26. Bg5 Qxh4 27. Bxh4 Bxh4 28. Nxh4 Nc5 29. Bc4 g5 30. Nf3 g4 31. hxg4 fxg4 32. Nd4 Nc7 33. b3 Kg7 1/2-1/2

[Event "Muensterland Regionalliga 2526"]
[Site "Germany"]
[Date "2026.04.18"]
[Round "8"]
[Board "6"]
[White "Harrison, Falk"]
[Black "Oskamp, Dieter"]
[Result "1-0"]
[WhiteElo "1640"]
[BlackElo "1294"]
[WhiteFideId "-1"]
[BlackFideId "-1"]
[PlyCount "89"]
[GameId "2303129499736819"]
[EventDate "2025.??.??"]
[EventType "team-tourn"]
[EventRounds "9"]
[EventCountry "GER"]
[SourceTitle "Verband Muensterland"]
[SourceDate "2025.09.21"]
[SourceVersion "1"]
[SourceVersionDate "2025.09.21"]
[SourceQuality "1"]
[WhiteTeam "Raesfeld Erle II"]
[BlackTeam "Metelen"]
[WhiteTeamCountry "GER"]
[BlackTeamCountry "GER"]

1. e4 c5 2. Nf3 d6 3. d4 cxd4 4. Nxd4 Nf6 5. Nc3 g6 6. Be3 Bg7 7. f3 O-O 8. Qd2 Nc6 9. O-O-O a6 10. g4 Nxd4 11. Bxd4 Qa5 12. h4 Be6 13. Kb1 Rac8 14. a3 b5 15. g5 Nh5 16. Bxg7 Kxg7 17. Bh3 Bxh3 18. Rxh3 Kg8 19. Nd5 Qxd2 20. Nxe7+ Kh8 21. Rxd2 Rc7 22. Nd5 Rc6 23. f4 Re8 24. Rd4 Ng7 25. Nf6 Rd8 26. Rd2 Ne6 27. f5 Ng7 28. Rf3 Rc5 29. Rd5 Ne8 30. Nxe8 Rxe8 31. Rxd6 a5 32. f6 b4 33. Rfd3 bxa3 34. Rd8 Rce5 35. Rxe8+ Rxe8 36. b3 h6 37. Rd7 hxg5 38. hxg5 Kg8 39. Ka2 Rxe4 40. Rd5 a4 41. Kxa3 axb3 42. Kxb3 Rf4 43. c4 Rf5 44. Rxf5 gxf5 45. Kc3 1-0

[Event "Muensterland Regionalliga 2526"]
[Site "Germany"]
[Date "2026.04.18"]
[Round "8"]
[Board "7"]
[White "Artmann, Bernhard"]
[Black "Ridder, David"]
[Result "0-1"]
[WhiteElo "1167"]
[BlackElo "1706"]
[WhiteFideId "-1"]
[BlackFideId "-1"]
[PlyCount "60"]
[GameId "2303129499736816"]
[EventDate "2025.??.??"]
[EventType "team-tourn"]
[EventRounds "9"]
[EventCountry "GER"]
[SourceTitle "Verband Muensterland"]
[SourceDate "2025.09.21"]
[SourceVersion "1"]
[SourceVersionDate "2025.09.21"]
[SourceQuality "1"]
[WhiteTeam "Metelen"]
[BlackTeam "Raesfeld Erle II"]
[WhiteTeamCountry "GER"]
[BlackTeamCountry "GER"]

1. g3 d5 2. Bg2 Nf6 3. Nf3 e6 4. O-O c5 5. d4 cxd4 6. Nxd4 e5 7. Nb3 Be7 8. f3 O-O 9. c3 a5 10. a4 Nc6 11. Kh1 Qb6 12. N3d2 Be6 13. Qb3 Qc7 14. Qc2 Rac8 15. Re1 Qb6 16. Qb3 Qf2 17. Qd1 Qb6 18. Qb3 Qa7 19. Qc2 Rfd8 20. Nf1 d4 21. e3 Nb4 22. Qf2 Nd3 23. Qe2 Bc4 24. Rd1 Nxc1 25. Qc2 Nb3 26. Ra3 Bxa3 27. Nxa3 Qa6 28. Nxc4 Qxc4 29. Nd2 Nxd2 30. Qxd2 d3 0-1

[Event "Muensterland Regionalliga 2526"]
[Site "Germany"]
[Date "2026.04.18"]
[Round "8"]
[Board "8"]
[White "Kadenbach, Wolfgang"]
[Black "Trojandt, Ralf"]
[Result "1-0"]
[WhiteElo "1691"]
[BlackElo "925"]
[WhiteFideId "-1"]
[BlackFideId "-1"]
[PlyCount "57"]
[GameId "2303129499736817"]
[EventDate "2025.??.??"]
[EventType "team-tourn"]
[EventRounds "9"]
[EventCountry "GER"]
[SourceTitle "Verband Muensterland"]
[SourceDate "2025.09.21"]
[SourceVersion "1"]
[SourceVersionDate "2025.09.21"]
[SourceQuality "1"]
[WhiteTeam "Raesfeld Erle II"]
[BlackTeam "Metelen"]
[WhiteTeamCountry "GER"]
[BlackTeamCountry "GER"]

1. d4 d5 2. c4 c6 3. Nf3 Nd7 4. Nc3 e6 5. e4 Bb4 6. exd5 cxd5 7. cxd5 exd5 8. Bd3 Ngf6 9. O-O O-O 10. Bg5 Bxc3 11. bxc3 h6 12. Bf4 Ne4 13. Bxe4 dxe4 14. Nd2 Nf6 15. Qc2 Bf5 16. f3 Re8 17. Rae1 Qd7 18. fxe4 Bg6 19. Qd3 Re7 20. Qf3 Rae8 21. e5 Nh7 22. Qg3 Re6 23. Nb3 b6 24. Rd1 Rf8 25. d5 Ree8 26. c4 Bc2 27. Rc1 Bg6 28. Nd4 Ng5 29. Bxg5 1-0